Local authority gypsy/traveller sites in England (Record no. 103096)

MARC details
000 -LEADER
fixed length control field 01224cam a2200277 4500
008 - FIXED-LENGTH DATA ELEMENTS--GENERAL INFORMATION
fixed length control field 030923n2003 000 0 eng u
020 ## - INTERNATIONAL STANDARD BOOK NUMBER
International Standard Book Number 1851126503
035 ## - SYSTEM CONTROL NUMBER
System control number (Sirsi) u123690
041 ## - LANGUAGE CODE
Language code of text/sound track or separate title eng
050 ## - LIBRARY OF CONGRESS CALL NUMBER
Classification number 306.76
-- 18
100 ## - MAIN ENTRY--PERSONAL NAME
Personal name Niner, Pat
245 ## - TITLE STATEMENT
Title Local authority gypsy/traveller sites in England
260 ## - PUBLICATION, DISTRIBUTION, ETC.
Place of publication, distribution, etc. London
Name of publisher, distributor, etc. ODPM
Date of publication, distribution, etc. 2003
350 ## - PRICE (NR) (BK AM CF MU VM SE) [OBSOLETE]
Price 18
490 ## - SERIES STATEMENT
Series statement ODPM Housing Research Summary
Volume/sequential designation 195
520 ## - SUMMARY, ETC.
Summary, etc. Summary and full report of research undertaken by the Centre for Urban and Regional Studies at the University of Birmingham, FPD Savills and Alan Hedges into the availability and quality of local authority gypsy/traveller sites in England and the need for new site provision. View the summary and the full report at www.housing.odpm.gov.uk/.
650 ## - SUBJECT ADDED ENTRY--TOPICAL TERM
Topical term or geographic name entry element GYPSIES
650 ## - SUBJECT ADDED ENTRY--TOPICAL TERM
Topical term or geographic name entry element TRAVELLERS
650 ## - SUBJECT ADDED ENTRY--TOPICAL TERM
Topical term or geographic name entry element GYPSY SITES
650 ## - SUBJECT ADDED ENTRY--TOPICAL TERM
Topical term or geographic name entry element LOCAL AUTHORITIES
690 ## - LOCAL SUBJECT ADDED ENTRY--TOPICAL TERM (OCLC, RLIN)
Topical term or geographic name as entry element Block management
9 (RLIN) 6220
710 ## - ADDED ENTRY--CORPORATE NAME
Corporate name or jurisdiction name as entry element United Kingdom
Subordinate unit Office of the Deputy Prime Minister
710 ## - ADDED ENTRY--CORPORATE NAME
Corporate name or jurisdiction name as entry element University of Birmingham
Subordinate unit Centre for Urban and Regional Studies
9 (RLIN) 4589
856 ## - ELECTRONIC LOCATION AND ACCESS
Uniform Resource Identifier <a href="https://www.communities.gov.uk/index.asp?id=1155577">https://www.communities.gov.uk/index.asp?id=1155577</a>
Public note View the summary and the full report on the ODPM website...
942 ## - ADDED ENTRY ELEMENTS (KOHA)
Suppress in OPAC 0
Holdings
Withdrawn status Lost status Source of classification or shelving scheme Damaged status Not for loan Home library Current library Shelving location Date acquired Total Checkouts Full call number Barcode Date last seen Copy number Price effective from Koha item type
    Dewey Decimal Classification     Virtual Virtual Online 23/09/2003   ONLINE PUBLICATION 123690-2001 06/08/2019 1 06/08/2019 Book